000
00326nam a2200133Ia 4500
008
231017s9999 xx 000 0 und d
082
_a
624.1513VER
082
_b
VER
245
0
_a
Soil Mechanics - Deft University of Technology
245
0
_c
Arnold Verruijt
260
_b
Arnold Verruijt
300
_c
30cm
942
_c
REP
999
_c
603762
_d
603762